Piggy - Statistics

General Stats
  • This quiz has been taken 18 times
    15 since last reset
  • The average score is 47 of 217
Answer Stats
Hint (Coins) Answer (Skin) % Correct
Free Piggy
83%
Collect Book 1 & 2 Pages Willow
67%
450 Coins Alfis
50%
250 Coins Angel
50%
460 Coins Dakoda
50%
270 Coins Devil
50%
100 Coins Father
50%
50 Coins Little Brother
50%
75 Coins Mother
50%
Plant: True Ending Mr. P
50%
Complete PIG 64 Part 2 Nor
50%
Collect Book 1 Pages Sentinel
50%
Lab: Hidden Ending TIO
50%
Complete Sewers (Daily Skin) Alfis (Purple)
33%
1050 Vials + Level 10 - Season 1 Mr. P's Lab Anteo
33%
385 Coins Archie
33%
335 Coins Badgy
33%
300 Vials + Level 6 - Season 1 Mr. P's Lab Badgy (Alternate)
33%
Advent Calendar - Day 23 Baren
33%
290 Coins Beary
33%
Bela's Hunt Bela
33%
Egg Hunt Bess
33%
500 Coins Billy
33%
Collect the Omega Key in Phighting Boris
33%
525 Coins Budgey
33%
350 Coins Bunny
33%
750 Gifts + Level 10 - Season 6 Whistling Winter Bunny (Alternate)
33%
385 Coins Clowny
33%
375 Coins Dessa
33%
275 Coins Doggy
33%
Mansion Exclusive Duocara
33%
310 Coins Elly
33%
500 Coins Fergus
33%
Advent Calendar - Day 31 Filip
33%
300 Coins Foxy
33%
Winter Holiday Hunt Frostiggy
33%
460 Coins Ghosty
33%
285 Coins Giraffy
33%
500 Coins Glenn
33%
125 Coins Grandmother
33%
1050 Relics + Level 11 - Season 4 Expectant Exploration Gryffyn
33%
325 Coins Katie
33%
750 Candies + Level 10 - Season 5 Witching Hour Katie (Alternate)
33%
425 Coins Kolie
33%
335 Coins Kona
33%
700 Coins Kraxicorde
33%
Camp Exclusive Laura
33%
Complete House (Daily Skin) Little Brother (Red)
33%
425 Coins Markus
33%
500 Coins Marley Russell
33%
1000 Gifts + Level 11 - Season 6 Whistling Winter Meisery
33%
200 Coins Memory
33%
235 Coins Mimi
33%
415 Coins Mousy
33%
Plant: Bittersweet Mrs. P
33%
Spooky Hunt Mr. Stitchy
33%
275 Coins Officer Doggy
33%
Breakout Exclusive Ombra
33%
Spooky Hunt Owell
33%
160 Coins Pandy
33%
350 Coins Pandy (Uniform)
33%
425 Coins Parasee
33%
Collect the Alpha Key in Tower Heroes Percy
33%
Temple Exclusive Phenna
33%
Collect Book 1 & 2 Pages Piggy (Distorted)
33%
Piggy - Jailbreak Collaboration Poley
33%
260 Coins Pony
33%
300 Coins Pumpiggy
33%
300 Coins Rash
33%
400 Coins Raze
33%
475 Coins Robby
33%
500 Coins Shardantus
33%
150 Coins Sheepy
33%
725 Coins Silzous
33%
375 Coins Skelly
33%
315 Coins Soldier
33%
625 Coins Spidella
33%
Collect the Beta Key in Flee the Facility Sterling
33%
175 Coins Teacher
33%
400 Coins Tigry
33%
415 Coins Tigry (Uniform)
33%
465 Coins Tobi
33%
550 Coins Torcher
33%
650 Coins Twins
33%
325 Coins Zompiggy
33%
Complete Ship (Daily Skin) Archie (Green)
17%
Complete Ship (Daily Skin) Archie (Kenneth)
17%
Complete Plant (Daily Skin) Badgy (Blue)
17%
1050 Candies + Level 11 - Season 2 The Haunting Bakari
17%
Complete Hospital (Daily Skin) Beary (Green)
17%
Advent Calendar - Day 12 Billy (Winter Bison)
17%
Complete Port (Daily Skin) Budgey (Blue)
17%
Tier 8 - Season 8 The Decaying Bunny (Twilight)
17%
1000 Candies + Level 11 - Season 5 Witching Hour Carver
17%
Piggy x M3GAN Event Centrell
17%
Complete Carnival (Daily Skin) Clowny (Female)
17%
Complete Holiday Spirit Cornelia
17%
500 Coins Crove
17%
600 Candies + Level 9 - Season 2 The Haunting Crove (Alternate)
17%
245 Coins Daisy
17%
Advent Calendar - Day 16 Dakoda (Knight)
17%
485 Coins Delta
17%
Complete Camp (Daily Skin) Delta (Green)
17%
Advent Calendar - Day 13 Delta (War Machine)
17%
Complete Store (Daily Skin) Dessa (Purple)
17%
240 Coins Dinopiggy
17%
Complete Station (Daily Skin) Doggy (Green)
17%
Tier 11 - Season 7 A Paranormal Pigmas Duocara (Mayor)
17%
Complete City (Daily Skin) Elly (Red)
17%
Complete Gallery (Daily Skin) Father (Orange)
17%
475 Coins Felix
17%
Complete Carnival (Daily Skin) Foxy (Blue)
17%
Advent Calendar - Day 27 Frostiggy (Ice Queen)
17%
Advent Calendar - Day 26 Ghosty (Pirate)
17%
Complete Factory (Daily Skin) Giraffy (Grey)
17%
Egg Hunt Gold Piggy
17%
Complete City (Daily Skin) Grandmother (Blue)
17%
Replaced Piggy during April Fools 2021 Gurty
17%
Advent Calendar - Day 14 Gus
17%
64 Million Coins earned across the game: Unlock 64 Events Hornz
17%
500 Coins Jakayla
17%
550 Coins Kamosi
17%
750 Relics + Level 10 - Season 4 Expectant Exploration Kamosi (Alternate)
17%
Complete Refinery (Daily Skin) Katie (Uniform)
17%
225 Coins Kitty
17%
Complete Factory (Daily Skin) Kolie (Orange)
17%
Complete Temple (Daily Skin) Kona (Green)
17%
Tier 5 - Season 7 A Paranormal Pigmas Kona (Mad Scientist)
17%
Tier 12 - Season 7 A Paranormal Pigmad Krampiggy
17%
Complete Port (Daily Skin) Kraxicorde (Red)
17%
15 Coins (Exclusive to IK3As) Lisa
17%
500 Coins Mari
17%
Complete Docks (Daily Skin) Markus (Blue)
17%
Complete Alleys (Daily Skin) Memory (Glitchy)
17%
Complete Gallery (Daily Skin) Memory (Inverted)
17%
Complete Docks (Daily Skin) Mimi (Blue)
17%
15 Coins (Exclusive to Moonfallx and MiniToon) Moonie
17%
Collect All 12 Moopy Plushies across Book 1 Maps Moopy
17%
Complete Station (Daily Skin) Mother (Turquoise)
17%
Advent Calendar - Day 4 Mousy (Elf)
17%
1050 Gifts + Level 11 - Season 3 Holiday Hustle Mr. Bliss
17%
Complete Alleys (Daily Skin) Officer Doggy (White)
17%
Complete Store (Daily Skin) Pandy (TSP Alternate)
17%
Complete Plant (Daily Skin) Parasee (Green)
17%
15 Coins (Exclusive to MiniToon, Stealthy & Epic_Tank) Pickle Rick
17%
Complete House (Daily Skin) Piggy (Dark Dress)
17%
The Piggy Household Exclusive PIGGY.EXE
17%
Winter Holiday Hunt Primrose
17%
Advent Calendar - Day 2 Pumpiggy (Snowy)
17%
Tier 6 - Season 7 A Paranormal Pigmas Rachna
17%
Complete Alleys (Daily Skin) Rash (Red)
17%
Advent Calendar - Day 19 Raze (Crystalized)
17%
Complete Safe Place (Daily Skin) Raze (Red)
17%
375 Coins Reindessa
17%
Advent Calendar - Day 5 Robby (Toy)
17%
Complete Mall (Daily Skin) Robby (White)
17%
Distorted Holiday Exclusive Sam
17%
Complete Forest (Daily Skin) Sheepy (Green)
17%
215 Coins & Mr. P Plushie Campaign Sheepy (Scientist)
17%
Tier 7 - Season 8 The Decaying Sheepy (Twilight)
17%
Complete Hospital (Daily Skin) Skelly (White)
17%
Tier 11 - Season 8 The Decaying Skuld
17%
Complete Outpost (Daily Skin) Soldier (Black)
17%
1000 Coins Sparky
17%
Complete Temple (Daily Skin) Spidella (Red)
17%
Complete School (Daily Skin) Teacher (Brown)
17%
Tier 5 - Season 8 The Decaying Teacher (Decayed)
17%
Decay II: Delirium Exclusive The Chained
17%
Tier 12 - Season 8 The Decaying The Jawbreaker
17%
Plant: Keymaster The Prototype
17%
Complete Metro (Daily Skin) Tigry (Blue)
17%
Complete Camp (Daily Skin) Tigry TSP (Alternate)
17%
Advent Calendar - Day 24 Tobi (Icebreaker)
17%
Complete Lab (Daily Skin) Tobi (Red)
17%
Complete Outpost (Daily Skin) Torcher (White)
17%
Advent Calendar - Day 18 Twins (Dolls)
17%
64 Million Coins earned across the game: Survive 64 Minutes Vulture
17%
450 Coins Zizzy
17%
750 Gifts + Level 10 - Season 3 Holiday Hustle Zizzy (Soldier)
17%
Complete Metro (Daily Skin) Zompiggy (Inverted)
17%
Replaced Piggy during April Fools 2022 2D Gurty
0%
Advent Calendar - Day 9 Angel (Whiteout Queen)
0%
Time Exclusive Blatt
0%
525 Coins Bobby
0%
Complete School (Daily Skin) Bunny (Purple)
0%
Advent Calendar - Day 1 Daisy (Fashionista
0%
Complete Camp (Daily Skin) Daisy (Military)
0%
Complete Port (Daily Skin) Dakoda (Red)
0%
Decay Exclusive Decaying Infected
0%
Advent Calendar - Day 29 Devil (Frostbite Matriarch)
0%
Advent Calendar - Day 11 Dinopiggy (Plushie)
0%
Complete Mall (Daily Skin) Dinopiggy (Red)
0%
Advent Calendar - Day 7 Dmitry
0%
450 Coins Doggy (Masked)
0%
Metallica x Piggy Event Eelektra
0%
Advent Calendar - Day 25 Felix (Great Performer)
0%
Complete Refinery (Daily Skin) Felix (Red)
0%
500 Coins Guesty
0%
Advent Calendar - Day 20 Kitty (Chef)
0%
Complete Forest (Daily Skin) Kitty (White)
0%
Advent Calendar - Day 22 Mari (Noir)
0%
Complete Sewers Mari (White)
0%
15 Coins (Exclusive to Epic_Tank) Mega Tank
0%
15 Coins (Exclusive to Moonfallx and MiniToon) Moonie (Festive)
0%
Collect All 12 Moopy Plushies across Book 1 Maps Moopy (Alternative)
0%
520 Coins Persy Pike
0%
Complete Lab (Daily Skin) Pony (Costume)
0%
Advent Calendar - Day 8 Reindessa (Sweet)
0%
Unknown Value (Exclusive to NEOSV0ID) Scarletta
0%
Skin inside the game ''Sketchy'' Sketchy
0%
Advent Calendar - Day 10 Spidella (Tarantula
0%
550 Coins The Malevolent
0%
700 Coins The Psycho
0%
660 Coins The Whisper
0%
540 Coins Wei-Min
0%
15 Coins (Exclusive to Epic_Tank) Willer
0%
Complete Safe Place (Daily Skin) Zizzy (Pink)
0%
No matching quizzes found
Score Distribution
Percent of People with Each Score
Percentile by Number Answered
Your Score History
You have not taken this quiz since the last reset